[Event "1st WMSG Blitz Team w"]
[Site "Beijing CHN"]
[Date "2008.10.13"]
[Round "3"]
[White "Vasilevich,T"]
[Black "Hou Yifan"]
[Result "0-1"]
[WhiteElo "2368"]
[BlackElo "2578"]

1.d4 Nf6 2.Nf3 e6 3.e3 b6 4.Bd3 Bb7 5.O-O d5 6.b3 Bd6 7.Bb2 O-O 8.Nbd2 c5
9.Qe2 Nc6 10.a3 Rc8 11.c4 Qe7 12.Rfd1 Rfd8 13.e4 dxe4 14.Nxe4 cxd4 15.Nxd4 Nxd4
16.Bxd4 Bxh2+ 17.Kxh2 Rxd4 18.Nxf6+ Qxf6 19.Kg1 Rcd8 20.Bc2 Qg5 21.f3 Rd2  0-1

[Event "1st WMSG Blitz Team w"]
[Site "Beijing CHN"]
[Date "2008.10.13"]
[Round "7"]
[White "Topel,Z"]
[Black "Hou Yifan"]
[Result "0-1"]
[WhiteElo "2214"]
[BlackElo "2578"]

1.d4 e6 2.c4 Nf6 3.Nf3 c5 4.Nc3 cxd4 5.Nxd4 Nc6 6.e4 Bb4 7.Nxc6 bxc6 8.e5 Ne4
9.Bd2 Nxd2 10.Qxd2 Qc7 11.Qe3 d6 12.exd6 Bxd6 13.Qg5 O-O 14.Bd3 f5 15.g3 e5
16.O-O Be6 17.Rfd1 Kh8 18.Be2 Rab8 19.b3 Bc5 20.Na4 Bd4 21.Rac1 f4 22.Bg4 h6
23.Qh4 Bxg4 24.Qxg4 fxg3 25.Rxd4 gxf2+ 26.Kf1 exd4 27.Qg2 Rbe8 28.Nc5 Qf4
29.Rd1 Qe3 30.Nd3 Qe2+  0-1

[Event "1st WMSG Blitz Team w"]
[Site "Beijing CHN"]
[Date "2008.10.13"]
[Round "8"]
[White "Hoang Thi Nhu Y"]
[Black "Hou Yifan"]
[Result "0-1"]
[WhiteElo "2127"]
[BlackElo "2578"]

1.d4 e6 2.Nf3 Nf6 3.g3 c5 4.Bg2 cxd4 5.Nxd4 Nc6 6.O-O Bc5 7.Nb3 Be7 8.c4 O-O
9.Nc3 b6 10.Bg5 Ba6 11.Nb5 h6 12.Bf4 d5 13.cxd5 Nxd5 14.Bxd5 Bxb5 15.Bf3 Rc8
16.Rc1 Bf6 17.Rc2 Ba4 18.Rd2 Qe8 19.Bd6 Be7 20.Bxc6 Bxc6 21.Be5 f6 22.Bc3 e5
23.f3 Qf7 24.e4 a5 25.Kg2 Qe6 26.Qe2 Kh8 27.Rfd1 f5 28.Qd3 fxe4 29.fxe4 Qg6
30.Re1 Bg5 31.Rf2 Rxf2+ 32.Kxf2 Rd8 33.Qe2 Rf8+ 34.Kg2 Qe6 35.Nc1 Be7 36.Nd3 Bf6
37.b3 Bb5 38.Qe3 Rc8 39.Nf2 Bg5 40.Qf3 Be7 41.Rd1 Rf8 42.Qh5 Bc5 43.Ng4 Be2
44.Nxe5 Bxd1 45.Qxh6+ gxh6 46.Nf3+ Kh7 47.g4 b5 48.Kh3 b4 49.Be1  0-1

[Event "1st WMSG Blitz Team w"]
[Site "Beijing CHN"]
[Date "2008.10.13"]
[Round "9"]
[White "Hou Yifan"]
[Black "Berezina,I"]
[Result "1/2-1/2"]
[WhiteElo "2578"]
[BlackElo "2252"]

1.e4 c6 2.d4 g6 3.Nc3 Bg7 4.Nf3 d6 5.Be3 Nd7 6.Qd2 Ngf6 7.Bh6 O-O 8.Bd3 e5
9.Bxg7 Kxg7 10.O-O Qc7 11.Rfe1 Re8 12.Ne2 Nf8 13.Ng3 Bg4 14.dxe5 dxe5 15.Nh4 Rad8
16.h3 Bc8 17.Rad1 Ne6 18.Qe3 a5 19.Nf3 Rd7 20.a3 Red8 21.Ne2 h6 22.Qc1 Nh5
23.g3 Nf6 24.b3 Nc5 25.Qe3 Ne6 26.a4 b6 27.Nd2 Nc5 28.Nc4 Nxb3 29.cxb3 b5
30.Nb2 Rd6 31.Rc1 bxa4 32.bxa4 Bxh3  1/2-1/2

[Event "1st WMSG Blitz Team w"]
[Site "Beijing CHN"]
[Date "2008.10.13"]
[Round "11"]
[White "Hou Yifan"]
[Black "Shahade,J"]
[Result "1-0"]
[WhiteElo "2578"]
[BlackElo "2322"]

1.e4 c5 2.Nf3 g6 3.d4 cxd4 4.Qxd4 Nf6 5.Nc3 Nc6 6.Qa4 d6 7.e5 dxe5 8.Nxe5 Bd7
9.Nxd7 Qxd7 10.Be2 Bg7 11.O-O Nd4 12.Qxd7+ Nxd7 13.Bd1 O-O 14.Nd5 Nc6 15.c3 e6
16.Ne3 Rfd8 17.Bc2 Nde5 18.Rd1 Rxd1+ 19.Nxd1 Rd8 20.Bf4 Nd3 21.Be3 a6 22.Kf1 Nce5
23.Ke2 h6 24.f4 Ng4 25.Bxd3  1-0

[Event "1st WMSG Blitz Team w KO"]
[Site "Beijing CHN"]
[Date "2008.10.14"]
[Round "1.1"]
[White "Topel,Z"]
[Black "Hou Yifan"]
[Result "1-0"]
[WhiteElo "2214"]
[BlackElo "2578"]

1.d4 e6 2.Nf3 Nf6 3.c4 c5 4.d5 exd5 5.cxd5 d6 6.Nc3 g6 7.e4 a6 8.a4 Bg4 9.Be2 Bxf3
10.Bxf3 Bg7 11.O-O Nbd7 12.Be2 O-O 13.Be3 Rb8 14.Qd2 Qe7 15.f3 Ne8 16.Kh1 Nc7
17.Rab1 b5 18.b3 Rfe8 19.Nd1 bxa4 20.b4 cxb4 21.Rxb4 a3 22.Ra4 Rb3 23.Qc2 Rb7
24.Rxa3 Reb8 25.Nf2 Nxd5 26.exd5 Rb2 27.Qd3 Ne5 28.Qxa6 h5 29.Ne4 Kh7 30.Bg5 f6
31.Bc1 Rc2 32.Bd3 Rc7 33.Qxd6 Qf7 34.Qe6 Qf8 35.d6 Rc6 36.f4 Nxd3 37.Rxd3 Rb1
38.Rdd1 Qa8 39.Qd5 Rb8 40.d7 Rd8 41.Be3 Qa6 42.Nc5 Qb5 43.Qd3 Rxc5 44.Bxc5 Qxc5
45.Rfe1 f5 46.Re8 Bf6 47.Qd5 Qc3 48.Qf7+ Kh6 49.Rg8 Rxg8 50.Qxg8 Qc2 51.Qd5 Bd8
52.Qd2 Qc6 53.Rc1 Qb6 54.Qc2 Qb5 55.Qc6 Qb2 56.Re1 Qd2 57.Qe6 Qxf4 58.Qe3 Qxe3
59.Rxe3 Bb6 60.Rb3 Bc7 61.Rb7 Ba5 62.Rb8  1-0

[Event "1st WMSG Rapid Team w"]
[Site "Beijing CHN"]
[Date "2008.10.15"]
[Round "3"]
[White "Peng Zhaoqin"]
[Black "Hou Yifan"]
[Result "0-1"]
[WhiteElo "2455"]
[BlackElo "2578"]

1.d4 e6 2.c4 Nf6 3.Nc3 Bb4 4.e3 O-O 5.Ne2 d5 6.a3 Be7 7.Nf4 Re8 8.cxd5 exd5
9.Bd3 a5 10.O-O Na6 11.Bd2 c6 12.Nh5 Nxh5 13.Qxh5 g6 14.Qd1 Nc7 15.Qc2 Ne6
16.Ne2 Ng7 17.f3 Be6 18.e4 Rc8 19.b4 axb4 20.axb4 b6 21.Kh1 Qd7 22.Rfb1 Ra8
23.Bc3 Rec8 24.Qb2 f5 25.b5 cxb5 26.Bxb5 Qc7 27.e5 Bf7 28.Rxa8 Rxa8 29.Rc1 Ba3
30.Qa2 Qd8 31.Bc6 Bxc1 32.Qxa8 Qxa8 33.Bxa8 Bg5 34.Bb4 Ne8 35.Bc6 Ng7 36.f4 Bd8
37.Kg1 g5 38.fxg5 Bxg5 39.Kf2 Nh5 40.g3 Ng7 41.h4 Bh6 42.Be7 Bd2 43.Bd8 Ba5
44.Ke3 Ne6 45.Be7 Ng7 46.Nf4 Be1 47.Nxd5 Bxg3 48.Nxb6 f4+ 49.Ke2 Nf5 50.d5 Nxe7
51.Bb5 Nxd5  0-1

[Event "1st WMSG Rapid Team w"]
[Site "Beijing CHN"]
[Date "2008.10.15"]
[Round "6"]
[White "Hou Yifan"]
[Black "Pourkashiyan,A"]
[Result "1/2-1/2"]
[WhiteElo "2578"]
[BlackElo "2241"]

1.e4 e5 2.Nf3 Nf6 3.Nxe5 d6 4.Nf3 Nxe4 5.d4 d5 6.Bd3 Be7 7.O-O Nc6 8.c4 Nb4
9.Be2 O-O 10.Nc3 Bf5 11.a3 Nxc3 12.bxc3 Nc6 13.Re1 Re8 14.Bf4 Rc8 15.Qa4 Be4
16.h3 Bd6 17.Bg5 Be7 18.Be3 dxc4 19.Qxc4 Na5 20.Qa4 c5 21.dxc5 Bxc5 22.Rad1 Qb6
23.Bxc5 Qxc5 24.Bd3 Bc6 25.Qb4 Qxb4 26.cxb4 Bxf3 27.gxf3 Nc6 28.Rxe8+ Rxe8
29.Be4 Rd8 30.Rc1 a6 31.Bxc6 Rc8 32.Rd1 bxc6 33.Rd7 g6 34.Ra7 c5 35.bxc5 Rc6
36.Kf1 Kg7 37.Ke2 Rxc5 38.Rxa6 Rh5 39.a4 Rxh3 40.Rb6 Rh1 41.a5 Ra1 42.a6 h5
43.f4 Ra3 44.Rc6 h4 45.Kf1 Ra4 46.f5 g5 47.Kg2 Ra5 48.f6+ Kg6 49.Kh3 Ra3+
50.Kg2 g4 51.Kg1 Ra2 52.Rb6 Ra1+ 53.Kg2 Ra2 54.Kg1 Ra1+ 55.Kg2 Ra2 56.Kg1 Ra1+
57.Kg2  1/2-1/2

[Event "1st WMSG Rapid Team w"]
[Site "Beijing CHN"]
[Date "2008.10.16"]
[Round "8"]
[White "Reizniece,D"]
[Black "Hou Yifan"]
[Result "1/2-1/2"]
[WhiteElo "2335"]
[BlackElo "2578"]

1.g3 c5 2.Bg2 Nc6 3.c4 g6 4.Nc3 Bg7 5.Nf3 d6 6.O-O e5 7.d3 Nge7 8.a3 O-O
9.Rb1 a5 10.Ne1 Be6 11.Nd5 Rb8 12.Bd2 b5 13.Nxe7+ Nxe7 14.cxb5 Rxb5 15.b4 axb4
16.axb4 c4 17.Qa4 Rb8 18.b5 d5 19.Nc2 Qd7 20.dxc4 dxc4 21.Rfd1 Rfd8 22.Ne3 Qc8
23.Ba5 Rxd1+ 24.Rxd1 Qe8 25.Bc6 Nxc6 26.bxc6 Rc8 27.Nxc4 Bxc4 28.Qxc4 Rxc6
29.Qb5 Bf6 30.Bc7 Kg7 31.h4 h5 32.Kh2 Qe6 33.Bd8 Bxd8 34.Rxd8 Qf6 35.Kg2  1/2-1/2

[Event "1st WMSG Rapid Team w"]
[Site "Beijing CHN"]
[Date "2008.10.16"]
[Round "9"]
[White "Hou Yifan"]
[Black "Harika,D"]
[Result "1-0"]
[WhiteElo "2578"]
[BlackElo "2461"]

1.e4 c5 2.Nf3 d6 3.d4 cxd4 4.Qxd4 a6 5.c4 Nc6 6.Qe3 g6 7.h3 Bg7 8.Be2 Nf6
9.Nc3 O-O 10.O-O Be6 11.Rb1 Nd7 12.b3 Qb6 13.Qd2 Nd4 14.Bb2 Nxf3+ 15.Bxf3 Ne5
16.Be2 Nc6 17.Rfd1 Rfe8 18.Bf1 Rac8 19.Kh1 Qa5 20.f4 b5 21.cxb5 axb5 22.Bxb5 Red8
23.Bf1 Qb4 24.Qe3 Re8 25.Nd5 Bxd5 26.exd5 Bxb2 27.Rxb2 Na5 28.Qd2 Qa3 29.Rc2 Nb7
30.Qc1 Qa8 31.Bb5 Rxc2 32.Qxc2 Rc8 33.Qe2 Rc7 34.a4 Qa5 35.Qd2 Rc3 36.Qe1 Kf8
37.Qh4 Rxb3 38.Re1 Kg7 39.Qxe7 Nc5 40.f5 Qc3 41.fxg6 hxg6 42.Rf1  1-0

[Event "1st WMSG Rapid Team w KO"]
[Site "Beijing CHN"]
[Date "2008.10.17"]
[Round "1.2"]
[White "Hou Yifan"]
[Black "Hoang Thi Bao Tram"]
[Result "1-0"]
[WhiteElo "2578"]
[BlackElo "2250"]

1.e4 e5 2.Bc4 d6 3.d3 Nc6 4.c3 a6 5.Bb3 Na5 6.Bc2 d5 7.Nd2 dxe4 8.Nxe4 Nf6
9.Ng3 Bg4 10.N1e2 Nc6 11.h3 Be6 12.O-O Bc5 13.Be3 Bxe3 14.fxe3 Nd5 15.Rf3 Qg5
16.e4 Nf4 17.d4 Ne7 18.Nxf4 exf4 19.Ne2 Ng6 20.Qc1 O-O 21.Nxf4 Nh4 22.Rf2 Bd7
23.Nd5 Qh5 24.Qf4 c6 25.Bd1  1-0

[Event "1st WMSG Rapid Team w KO"]
[Site "Beijing CHN"]
[Date "2008.10.17"]
[Round "1.1"]
[White "Hoang Thi Bao Tram"]
[Black "Hou Yifan"]
[Result "0-1"]
[WhiteElo "2250"]
[BlackElo "2578"]

1.d4 e6 2.e4 d5 3.exd5 exd5 4.Bd3 Bd6 5.Nc3 c6 6.Be3 Ne7 7.Qf3 O-O 8.Nge2 Nd7
9.g4 b5 10.Nf4 b4 11.Nce2 Nf6 12.Rg1 a5 13.Nh5 Ne4 14.Neg3 Nxg3 15.Nxg3 Ba6
16.Bxa6 Rxa6 17.h4 f5 18.Nxf5 Nxf5 19.gxf5 Qf6 20.Rg5 a4 21.h5 Ra7 22.Qh3 Re8
23.Kf1 Rae7 24.Qg2 Kh8 25.Rd1 Bc7 26.Rd3 Bf4 27.Rg3 Bxg3 28.Qxg3 Qxf5 29.h6 gxh6
30.Ke2 Rg7 31.Qh2 h5 32.Kd2 Qf3 33.Qf4 Qxf4 34.Bxf4 Kg8 35.Rh3 Re4 36.Be3 h4
37.Kd3 Reg4 38.Rh1 Rf7 39.Ke2 Kg7 40.c3 bxc3 41.bxc3 Kg6 42.Kd3 Kh5 43.Ke2 Rg2
44.Kf1 Rg6 45.Ke2 Rg2 46.Kf1 Rg4 47.Ke2 Rg6 48.Kf1 Kg4 49.Rg1+ Kf3 50.Rh1 Kg4
51.Rg1+ Kf3 52.Rh1 Rg4 53.Rh3+ Ke4 54.Ke2 Kf5 55.Rh1 Kg6 56.Kf1 Kh5 57.Ke2 Rg8
58.Kd3 Rfg7 59.f3 Rg3 60.Ke2 Re8 61.Kf2 Rf8 62.f4 Kg4 63.Ke2 Re8  0-1

[Event "1st WMSG Rapid Team w KO"]
[Site "Beijing CHN"]
[Date "2008.10.17"]
[Round "2.1"]
[White "Hou Yifan"]
[Black "Vasilevich,T"]
[Result "1-0"]
[WhiteElo "2578"]
[BlackElo "2368"]

1.e4 c5 2.Nf3 a6 3.c4 Nc6 4.d4 cxd4 5.Nxd4 e6 6.Nc3 Bb4 7.Nc2 Bxc3+ 8.bxc3 Nf6
9.Bd3 d5 10.cxd5 exd5 11.exd5 Qxd5 12.O-O O-O 13.c4 Qa5 14.Bb2 Ne5 15.Be2 Be6
16.Ne3 Rfd8 17.Qb3 Ne4 18.Rfd1 Nc5 19.Qc2 Nc6 20.Bc3 Qa3 21.Bb2 Qa5 22.Nd5 Na4
23.Bf3 Bxd5 24.cxd5 Nb4 25.Qb3 Nxb2 26.Qxb2 Nxd5 27.Qe5 Qc7 28.Rxd5  1-0

[Event "TCh-CHN Torch Real Estate Cup"]
[Site "Jiangsu Wuxi CHN"]
[Date "2008.10.21"]
[Round "9"]
[White "Qin Kanying"]
[Black "Hou Yifan"]
[Result "1/2-1/2"]
[WhiteElo "2465"]
[BlackElo "2549"]

1.e4 c5 2.Nf3 d6 3.d4 cxd4 4.Qxd4 a6 5.c4 Nc6 6.Qe3 g6 7.h3 Bg7 8.Nc3 Nf6
9.Be2 O-O 10.O-O Rb8 11.Rb1 Be6 12.Rd1 Nd7 13.Ng5 a5 14.a3 Nc5 15.b4 axb4
16.axb4 Nd7 17.c5 dxc5 18.bxc5 Qc8 19.Nxe6 fxe6 20.Na4 Ra8 21.Bg4 Nd8 22.Nb6 Nxb6
23.Rxb6 Ra6 24.Ba3 Kh8 25.Qb3 Qc7 26.Rxa6 bxa6 27.Qb6 Qf4 28.c6 Nxc6 29.Qxc6 Qxf2+
30.Kh1 Be5 31.Bc5 Qg3 32.Bg1 Rf2 33.Qe8+ Kg7 34.Qxe7+ Kh6 35.Bf3 Rxf3 36.Rd7 Rf1
37.Qxh7+ Kg5 38.Qe7+ Bf6 39.Qc5+ Be5 40.Qe7+ Bf6 41.Qc5+  1/2-1/2

[Event "38th Olympiad w"]
[Site "Dresden GER"]
[Date "2008.11.22"]
[Round "9"]
[White "Hou Yifan"]
[Black "Maric,A"]
[Result "1-0"]
[WhiteElo "2578"]
[BlackElo "2405"]

1.e4 e6 2.d4 d5 3.Nc3 Nc6 4.Nf3 Nf6 5.e5 Ne4 6.Bd3 Bb4 7.Bd2 Nxd2 8.Qxd2 f6
9.a3 Bxc3 10.Qxc3 Bd7 11.exf6 gxf6 12.O-O-O Qe7 13.Bb5 O-O-O 14.Rhe1 Rde8
15.Re3 Nd8 16.Bf1 Qd6 17.g3 Re7 18.Bg2 Rhe8 19.Nh4 Nf7 20.f4 Nh6 21.Rde1 Kd8
22.Kb1 Ng4 23.R3e2 Bb5 24.Rd2 Qc6 25.Qf3 f5 26.Qd1 Nf6 27.Bf3 Kc8 28.Bh5 Ne4
29.Bxe8 Nxd2+ 30.Qxd2 Rxe8 31.Nf3 Qd6 32.Re3 Kb8 33.Ng5 Re7 34.Qd1 h6 35.Nf3 Be8
36.Nh4 Kc8 37.Qe1 Kd8 38.Nf3 Bh5 39.Ne5 Be8 40.Qf1 c5 41.dxc5 Qxc5 42.Rc3 Qd4
43.Nf3 Qb6 44.Qh3 h5 45.Qh4 Qd6 46.Qf6 Qa6 47.Ne5 Qd6 48.Qf8 Qb6 49.Ng6 Rc7
50.Rxc7 Qxc7 51.Qf6+  1-0

[Event "FIDE Women's Grand Prix"]
[Site "Instanbul TUR"]
[Date "2009.03.18"]
[Round "10"]
[White "Hou Yifan"]
[Black "Danielian,E"]
[Result "1/2-1/2"]
[WhiteElo "2571"]
[BlackElo "2496"]

1.e4 c6 2.d4 d5 3.Nd2 dxe4 4.Nxe4 Bf5 5.Nc5 Nd7 6.Nxb7 Qc7 7.Nc5 Nxc5 8.dxc5 e6
9.Nf3 Bxc5 10.Bc4 Nf6 11.O-O h6 12.b3 O-O 13.Bb2 Rfd8 14.Qe2 Nd5 15.Nh4 Nf4
16.Qf3 Bh7 17.Rad1 e5 18.Qg3 Bxc2 19.Rc1 Bh7 20.Nf3 Bd4 21.Nxd4 exd4 22.Rfd1 c5
23.Bf1 Qe5 24.Re1 Qf5 25.b4 cxb4 26.h4 Bg6 27.Rcd1 Qf6 28.Rd2 Rac8 29.Qb3 a5
30.g3 Ne6 31.Qd1 Rc3 32.Qa4 Rc5 33.a3 bxa3 34.Bxa3 Re5 35.Be7 Qxe7 36.Rxe5 d3
37.Qxa5 Qf6 38.Rd5 Rxd5 39.Qxd5 Qc3 40.h5 Be4 41.Rxd3 Qxd3 42.Qxd3 Bxd3 43.Bxd3 Kf8
44.Kg2 Ke7 45.Kf3 Kf6 46.Kg4 Nc5  1/2-1/2

[Event "FIDE Women's Grand Prix"]
[Site "Instanbul TUR"]
[Date "2009.03.19"]
[Round "11"]
[White "Shen Yang"]
[Black "Hou Yifan"]
[Result "1/2-1/2"]
[WhiteElo "2448"]
[BlackElo "2571"]

1.d4 Nf6 2.c4 e6 3.Nc3 Bb4 4.Qc2 d5 5.cxd5 exd5 6.Bg5 c5 7.dxc5 h6 8.Bh4 g5
9.Bg3 Ne4 10.e3 Qa5 11.Ne2 Bf5 12.Be5 O-O 13.Nd4 Nxc3 14.Nxf5 Ne4+ 15.Kd1 Nc6
16.Bd4 Nxd4 17.Nxd4 Rac8 18.c6 Bc5 19.cxb7 Rc7 20.Nb3 Qb6 21.Rc1 Bd6 22.Qe2 Qxb7
23.f3 Nf6 24.Qb5 Rxc1+ 25.Kxc1 Qe7 26.Qd3 Re8 27.Nd4 Qxe3+ 28.Qxe3 Rxe3 29.Bb5 Bf8
30.Kd2 Re7 31.Rc1 Ne8 32.Rc8 Nd6 33.Rb8 Kg7 34.b3 Rc7 35.Bc6 Be7 36.Bxd5 Rc5
37.Be4 Bf6 38.Ne2 Be5 39.Ra8 Ra5 40.a4 Bxh2 41.Bd3 Be5 42.Ke3 h5 43.Bb1 h4
44.f4 Bf6 45.fxg5 Rxg5 46.Kf2 a5 47.Rb8 Rd5 48.b4 Nc4 49.bxa5 Rxa5 50.Rb4 Nb2
51.Bc2 Rc5 52.Be4 Nd1+ 53.Kf3 Nc3 54.Nxc3 Rxc3+ 55.Kf2 Ra3 56.Rc4 Ra2+ 57.Kf3 Ra3+
58.Kf2  1/2-1/2

[Event "Torch Real Estate Cup"]
[Site "Chengdu CHN"]
[Date "2009.05.04"]
[Round "1"]
[White "Gu Xiaobing"]
[Black "Hou Yifan"]
[Result "0-1"]
[WhiteElo "2336"]
[BlackElo "2590"]

1.e4 e6 2.d4 d5 3.Nd2 c5 4.exd5 Qxd5 5.Ngf3 cxd4 6.Bc4 Qd6 7.O-O Nf6 8.Nb3 Nc6
9.Nbxd4 Nxd4 10.Nxd4 a6 11.Re1 Qc7 12.Bb3 Bd6 13.h3 O-O 14.Bg5 b6 15.Bxf6 gxf6
16.Qf3 f5 17.Rad1 Bb7 18.Qh5 Kh8 19.Nf3 Rg8 20.Rd4 Bc5 21.Red1 Bxd4 22.Rxd4 Rg7
23.Ng5 Rag8 24.h4 f6 25.Bxe6 fxg5 26.Bxg8 Rxg8 27.hxg5 Qe7 28.Qd1 Qxg5  0-1

[Event "XXIV Rapid"]
[Site "Villarrobledo ESP"]
[Date "2009.07.25"]
[Round "4"]
[White "Hou Yifan"]
[Black "Naiditsch,A"]
[Result "0-1"]
[WhiteElo "2584"]
[BlackElo "2697"]

1.e4 e5 2.Nf3 Nc6 3.Bb5 Nf6 4.O-O Nxe4 5.d4 Nd6 6.Bxc6 dxc6 7.dxe5 Nf5 8.Qxd8+ Kxd8
9.Nc3 h6 10.h3 Ne7 11.Be3 Ke8 12.Rad1 Bd7 13.a3 Rd8 14.Rfe1 a6 15.Ne4 Bf5
16.Rxd8+ Kxd8 17.Bd2 Kc8 18.Nd4 Bh7 19.e6 f6 20.f4 f5 21.Nc3 g6 22.Nf3 Bg7
23.Be3 Bxc3 24.bxc3 Re8 25.c4 b6 26.Bd4 c5 27.Bg7 h5 28.Ng5 Bg8 29.Kf2 Nc6
30.g4 hxg4 31.hxg4 Na5 32.gxf5 gxf5 33.e7 Nxc4 34.Bf8 b5 35.Rh1 Nd6 36.Rh8 Bd5
37.Ke3 a5 38.Kd2 Kd7 39.Kc1 a4 40.Rh5 Ne4 41.Nf3 Be6 42.Rh6 b4 43.Ne5+ Kd6
44.Kb2 Kd5 45.Nd3 b3 46.cxb3 axb3 47.Ne5 Rb8 48.Bg7 Nd6 49.Nd3 Bf7 50.Ne5 Be8
51.Rh3 c4 52.Re3 Ne4 53.Nf3 c5 54.Ng5 Nd6 55.Bc3 Nb5 56.Re5+ Kc6 57.Re6+ Kd7
58.Re2 Ra8 59.Nh7 Nxc3 60.Kxc3 Ra6 61.Kxc4 Bf7+ 62.Kxc5 Re6 63.Rb2 Rc6+ 64.Kb4 Rc2
65.Rb1 Kxe7 66.Ng5 Bd5 67.Re1+ Kd6 68.a4 b2 69.Ka3 Rc1  0-1

[Event "2nd WTeam w"]
[Site "Ningbo CHN"]
[Date "2009.09.04"]
[Round "3"]
[White "Harika,D"]
[Black "Hou Yifan"]
[Result "1/2-1/2"]
[WhiteElo "2474"]
[BlackElo "2585"]

1.d4 Nf6 2.Nf3 e6 3.c4 d5 4.e3 b6 5.b3 Bb7 6.Bd3 Bd6 7.O-O Nbd7 8.Bb2 O-O
9.Nc3 a6 10.cxd5 exd5 11.Rc1 Ne4 12.Ne2 Qe7 13.Qc2 Rac8 14.Ng3 f5 15.Qe2 Ra8
16.Rc2 Rf6 17.Rfc1 c6 18.Nd2 Raf8 19.Ndf1 a5 20.f3 Rh6 21.Bc3 Qh4 22.Be1 Bxg3
23.Bxg3 Nxg3 24.hxg3 Qh5 25.Kf2 Qg5 26.Ke1 Re6 27.Kd2 c5 28.Bb5 Qe7 29.Qd3 Rd6
30.Ke1 h6 31.Bxd7 Rxd7 32.dxc5 bxc5 33.Rxc5 d4 34.Kf2 Qf6 35.exd4 Rxd4 36.Qe3 f4
37.Qe5 fxg3+ 38.Kg1 a4 39.Nxg3 axb3 40.axb3 Rd2 41.Qxf6 Rxf6 42.R5c2 Rxc2
43.Rxc2 Bxf3 44.Rf2 Bc6 45.Rxf6 gxf6 46.Kf2 Kf7 47.Nf5 Bd5 48.b4 Ke6 49.g4 Ke5
50.Nxh6 Kf4 51.Nf5 Bc6 52.Ne3 Bb5 53.Nd5+ Kxg4  1/2-1/2

[Event "2nd WTeam w"]
[Site "Ningbo CHN"]
[Date "2009.09.05"]
[Round "4"]
[White "Hou Yifan"]
[Black "Danielian,E"]
[Result "1-0"]
[WhiteElo "2585"]
[BlackElo "2489"]

1.e4 c6 2.d3 d5 3.Nd2 e5 4.Ngf3 Bd6 5.d4 exd4 6.exd5 Nf6 7.dxc6 Nxc6 8.Be2 O-O
9.O-O Re8 10.Nb3 Bg4 11.h3 Bh5 12.Nfxd4 Bxe2 13.Nxe2 Bh2+ 14.Kxh2 Qxd1 15.Rxd1 Rxe2
16.Rd2 Rae8 17.c3 Re1 18.Rd3 Ne5 19.Re3 Rf1 20.Bd2 Rxa1 21.Nxa1 Rd8 22.Re2 Nc4
23.Bg5 Rd1 24.Nc2 Nxb2 25.Ne3 Rb1 26.Nd5 h6 27.Nxf6+ gxf6 28.Bxf6 Nd3 29.h4 h5
30.Rd2 Nf4 31.Kg3 Ne6 32.Rd5 Kh7 33.Bd4 Kg6 34.Bxa7 Rb2 35.Ra5 b6 36.Ra6 Rc2
37.Bxb6 Rxc3+ 38.Be3 Kf5 39.Ra5+ Kg6 40.Kf3 Nd4+ 41.Ke4 Ne6 42.g3 Rc2 43.a4 Ra2
44.Ra8 Nc7 45.Ra7 Ne6 46.a5 Ra4+ 47.Kd5 Ng7 48.Bb6 Nf5 49.Rd7 Nh6 50.Kc6 Ng4
51.Kb7 Ne5 52.Rd4 Nc4 53.a6 Na5+ 54.Bxa5 Rxa5 55.a7  1-0

[Event "2nd WTeam w"]
[Site "Ningbo CHN"]
[Date "2009.09.10"]
[Round "8"]
[White "Rajlich,I"]
[Black "Hou Yifan"]
[Result "1/2-1/2"]
[WhiteElo "2465"]
[BlackElo "2585"]

1.d4 e6 2.c4 d5 3.Nf3 Nf6 4.cxd5 exd5 5.Nc3 Bb4 6.Bg5 Nbd7 7.e3 c5 8.Be2 Qa5
9.O-O O-O 10.dxc5 Bxc3 11.bxc3 Qxc5 12.Qd4 Ne4 13.Rac1 b6 14.Bf4 Bb7 15.c4 Rac8
16.Qb2 Qa5 17.Rfd1 Ndf6 18.Ne5 h6 19.Ng4 Nxg4 20.Bxg4 Rxc4 21.Be5 Rb4 22.Qe2 Ba6
23.Qe1 Ra4 24.Qxa5 Rxa5 25.Bf3 Re8 26.Bd4 Ng5 27.Bg4 Bc4 28.a4 Ne6 29.Bxe6 Rxe6
30.Ra1 Bb3 31.Rdc1 Rxa4 32.Rc8+ Kh7 33.Rxa4 Bxa4 34.h4 Re7 35.Rb8 h5 36.Kh2 Bc6
37.Kg3 Kg6 38.Rc8 Bb7 39.Rd8 f6 40.f3 Bc6 41.Rc8 Bb7 42.Rb8 Rc7 43.Kf4 Bc8
44.g4 Rc1 45.Ra8 Rc7 46.Kg3 Bd7 47.gxh5+ Kxh5 48.Rh8+ Kg6 49.h5+ Kf7 50.h6 gxh6
51.Rxh6 Rc6 52.Rh7+ Ke8 53.Rh5 Re6 54.Rh8+ Ke7 55.Ra8 a5 56.Ra6 a4 57.Rxb6 Rxb6
58.Bxb6 Kd6 59.Bd4 Kc6 60.Bxf6 Kc5 61.Kf4 Kc4 62.Be7 Kd3 63.Bc5 Bc6 64.Ke5 d4
65.exd4 Bxf3 66.d5 Bxd5  1/2-1/2

[Event "2nd WTeam w"]
[Site "Ningbo CHN"]
[Date "2009.09.11"]
[Round "9"]
[White "Hou Yifan"]
[Black "Hoang Thi Bao Tram"]
[Result "1/2-1/2"]
[WhiteElo "2585"]
[BlackElo "2265"]

1.e4 e5 2.Bc4 Nf6 3.d3 Nc6 4.Nf3 Bc5 5.c3 d6 6.Bb3 O-O 7.O-O a6 8.h3 h6 9.Re1 Ba7
10.Nbd2 Re8 11.Nf1 Be6 12.Bc2 d5 13.Bd2 dxe4 14.dxe4 Qd7 15.N3h2 Rad8 16.Qf3 Qe7
17.b4 Bc4 18.a4 Qe6 19.Bc1 Nh7 20.Nd2 Rd6 21.Ra3 Ng5 22.Qg3 Red8 23.Nxc4 Qxc4
24.Ng4 Rg6 25.h4 Ne6 26.h5 Rxg4 27.Qxg4 Nxb4 28.cxb4 Qxc2 29.Be3 Bxe3 30.Raxe3 Qxa4
31.Qf5 Qb5 32.Rc1 Rd7  1/2-1/2

[Event "Maotai Prince Cup Queens"]
[Site "JinZhou CHN"]
[Date "2009.09.17"]
[Round "1"]
[White "Huang Qian"]
[Black "Hou Yifan"]
[Result "1/2-1/2"]
[WhiteElo "2424"]
[BlackElo "2585"]

1.d4 Nf6 2.c4 e6 3.Nc3 Bb4 4.Qc2 d5 5.cxd5 exd5 6.Bg5 c5 7.Nf3 Nbd7 8.e3 Qa5
9.Bd3 O-O 10.O-O c4 11.Bf5 Re8 12.Nd2 g6 13.Bxd7 Nxd7 14.h4 f6 15.Bh6 Bxc3
16.bxc3 Nb6 17.f3 Qa4 18.Qb1 Qa3 19.Qc2 Bd7 20.Rac1 Re6 21.Rfe1 Rae8 22.Bf4 Na4
23.e4 Qb2 24.Nf1 dxe4 25.d5 R6e7 26.Qxb2 Nxb2 27.Bd6 Nd3 28.Bxe7 Rxe7 29.Rb1 Nxe1
30.Rxe1 f5 31.fxe4 fxe4 32.Nd2 Re5 33.d6 Re6 34.Nxc4 b5 35.Nd2 Rxd6 36.Nxe4 Re6
37.Re2 Bc6 38.Ng3 Kf7 39.Kf2 Rxe2+ 40.Nxe2 Bd5 41.a3 Ke7 42.Nf4 Kd6 43.Ke3 Kc5
44.Kd3 Bc4+ 45.Kd2 Bf7 46.Nd3+ Kd5 47.Ke3 Be8 48.Nb2 Bd7 49.Kf4 h5 50.g3 Bf5
51.Ke3 Bc2 52.Kd2 Bb3 53.Ke3 Ke5 54.Nd3+ Kf5 55.Nf2 Ke5 56.Nd3+ Kf5 57.Nf2 Ke5
58.Nd3+  1/2-1/2

[Event "Maotai Prince Cup Queens"]
[Site "JinZhou CHN"]
[Date "2009.09.18"]
[Round "2"]
[White "Hou Yifan"]
[Black "Ju Wenjun"]
[Result "1/2-1/2"]
[WhiteElo "2585"]
[BlackElo "2443"]

1.e4 c5 2.Nf3 d6 3.d4 cxd4 4.Qxd4 a6 5.c4 Nc6 6.Qe3 Bg4 7.Be2 Nf6 8.O-O e6
9.b3 Be7 10.Bb2 O-O 11.Nc3 Qa5 12.Rfd1 Rfd8 13.h3 Bh5 14.Rac1 Qc5 15.Qf4 Qa5
16.a3 Bxf3 17.Qxf3 Qg5 18.g3 h5 19.h4 Qg6 20.Bf1 Rac8 21.Bg2 Ng4 22.Qe2 Na5
23.Qc2 Bf6 24.Rd2 Be5 25.Rd3 b5 26.cxb5 axb5 27.f3 Ne3 28.Rxe3 Qxg3 29.Rd1 Qxh4
30.Red3 Qh2+ 31.Kf1 h4 32.f4 Qxf4+ 33.Rf3 Qg5 34.Bh3 Nc6 35.Qf2 Bg3 36.Qe3 Qxe3
37.Rxe3 Bf4 38.Re2 b4 39.axb4 Nxb4 40.Nb5 Nc2 41.Rd3 Rc5 42.Nc3 Nb4 43.Rf3 Be5
44.Na4 Rb5 45.Bc1 Nc6 46.Bb2 Bxb2 47.Rxb2 Rdb8 48.Rd3 Ne5 49.Rxd6 Rxb3 50.Rd8+ Rxd8
51.Rxb3 Rd4 52.Nc5 Rc4 53.Rb5 Rc1+ 54.Ke2 Ng6 55.Nd3 Rh1 56.Bg4 Rg1 57.Bf3 f6
58.Kf2 Rg3 59.Rb8+ Kh7 60.Rb1 Kh6 61.Rb7 Rg5 62.Rb6 Ne5 63.Ne1 h3 64.Rb8 Kg6
65.Rh8 Nxf3 66.Nxf3 Rh5 67.Nh4+ Kg5 68.Nf3+ Kg6 69.Rxh5 Kxh5 70.Kg3 e5 71.Kxh3 g6  1/2-1/2

[Event "Maotai Prince Cup Queens"]
[Site "JinZhou CHN"]
[Date "2009.09.19"]
[Round "3"]
[White "Zhao Xue"]
[Black "Hou Yifan"]
[Result "0-1"]
[WhiteElo "2542"]
[BlackElo "2585"]

1.c4 Nf6 2.Nf3 e6 3.Nc3 d5 4.d4 Bb4 5.Qa4+ Nc6 6.e3 O-O 7.a3 Bxc3+ 8.bxc3 Ne4
9.Qc2 b6 10.cxd5 exd5 11.Bd3 Re8 12.O-O Na5 13.a4 c5 14.Nd2 Bf5 15.Nxe4 Bxe4
16.dxc5 Bxd3 17.Qxd3 Nb3 18.Ra3 Nxc5 19.Qe2 Rc8 20.Rd1 Ne4 21.Bb2 h6 22.a5 bxa5
23.Ra4 Qb6 24.Rxd5 Rb8 25.Ba1 Qc6 26.Raxa5 Re5 27.c4 Rb1+ 28.Rd1 Qxc4 29.Rxb1 Qxe2
30.Bxe5 Qxf2+ 31.Kh1 Qxe3 32.h3 Nd2 33.Rb8+ Kh7 34.Bc7 Qe1+ 35.Kh2 Nf1+  0-1

[Event "Maotai Prince Cup Queens"]
[Site "JinZhou CHN"]
[Date "2009.09.20"]
[Round "4"]
[White "Hou Yifan"]
[Black "Tan Zhongyi"]
[Result "1-0"]
[WhiteElo "2585"]
[BlackElo "2435"]

1.e4 d6 2.d4 Nf6 3.Nc3 g6 4.Be3 c6 5.Qd2 b5 6.Bd3 Nbd7 7.Nf3 e5 8.dxe5 dxe5
9.h3 Bg7 10.Ne2 O-O 11.a4 Bb7 12.Ng3 a6 13.O-O Qe7 14.c4 b4 15.c5 a5 16.Qc2 Ne8
17.Rfd1 Nc7 18.Bc4 Kh8 19.Bb3 f5 20.exf5 Nd5 21.fxg6 Nxe3 22.fxe3 Nxc5 23.Nf5 Rxf5
24.Qxf5 Nxb3 25.Ng5 h6 26.Nf7+ Kg8 27.Rd7 Bc8 28.Rd8+ Qxd8 29.Nxh6+ Kh8 30.Nf7+ Kg8
31.Nh6+ Kh8 32.Qh5 Ra7 33.Ng4+ Bh6 34.Nxh6 Kg7 35.Nf7 Qd5 36.Qh6+ Kf6 37.g7+ Kxf7
38.Rf1+ Ke7 39.Qg5+  1-0

[Event "Maotai Prince Cup Queens"]
[Site "JinZhou CHN"]
[Date "2009.09.22"]
[Round "5"]
[White "Ruan Lufei"]
[Black "Hou Yifan"]
[Result "1/2-1/2"]
[WhiteElo "2486"]
[BlackElo "2585"]

1.e4 e6 2.d4 d5 3.Nc3 Bb4 4.e5 c5 5.a3 Bxc3+ 6.bxc3 Qa5 7.Bd2 Qa4 8.Qb1 c4
9.Nf3 Nc6 10.g3 Bd7 11.Bg2 O-O-O 12.O-O f6 13.Qb2 Nge7 14.Rab1 b6 15.Rbe1 Rde8
16.Re2 h6 17.h4 f5 18.Ree1 Reg8 19.Rb1 Be8 20.Qc1 Bg6 21.Ne1 Bh5 22.Bf3 Bxf3
23.Nxf3 Kd7 24.Kg2 Rb8 25.Rh1 b5 26.Ng1 Qa5 27.Ne2 Rhc8 28.Nf4 Qd8 29.a4 bxa4
30.Qa3 Qc7 31.Nh5 Rg8 32.Qxa4 Ke8 33.Rxb8+ Qxb8 34.Bc1 Kf7 35.Ba3 Qb7 36.Bd6 Nc8
37.Bc5 N8e7 38.Qa1 Qd7 39.Rb1 Rc8 40.Qa6 Rb8 41.Rxb8 Nxb8 42.Qa3 Nbc6 43.Qa6 Nb8
44.Qa3 Nbc6 45.Qa6 Qc8 46.Qa1 Qb7 47.Nf4 Qd7 48.Qa6 Qc8 49.Qa1 Qd7 50.Qa6 Qc8
51.Qa1  1/2-1/2